000 00274nam a22000977a 4500
999 _c516324
_d516324
100 _aSubrahmanayam, K.
_922816
245 _aProblem of living in nuclear age
_cby K. Subrahmanayam
260 _aChandigarh
_bC.R.R.I.D.
_c1985
300 _a126p.
440 _aDiscussion
_vIII
_922817